000 01088nmc a2200373 a 4500
003 AR-BaBNM
005 20251128204159.0
008 305019s1992 ||||||||||||||000 | spa||
020 _a84-7799-068-9
040 _cAR-BaBNM
245 1 0 _aDel silencio a la palabra
_bcoeducación y reforma educativa
260 _a[Madrid]
_bInstituto de la Mujer
_c1992
300 0 _a393 p.
_bgráfs.
490 0 _aEstudios
_vv. 32
500 0 _aContiene anexos
504 _aContiene notas y bibliografía
650 4 _aEDUCACION DE LA MUJER
650 4 _aDERECHOS DE LA MUJER
650 4 _aEMPLEO DE LAS MUJERES
650 4 _aEDUCACION SEXUAL
650 4 _aEDUCACION COMUNITARIA
650 4 _aJUEGOS INFANTILES
650 4 _aCURRICULO
650 4 _aDISCRIMINACION SEXUAL
650 4 _aINVESTIGACION EN CIENCIAS SOCIALES
650 4 _aDOCENTES MUJERES
650 4 _aESCUELAS PRIMARIAS
650 4 _aENSENANZA DE LAS MATEMATICAS
653 0 _aGENERO
653 _aENSENANZA DE LA LENGUA
700 1 _aMoreno Marimon, Montserrat
_ecompilador
942 _cBK
998 _cGrace
999 _c6495
_d6495